| 000 | 00791nam a2200265 i 4500 | ||
|---|---|---|---|
| 001 | bg | ||
| 100 | 1 | _aWOSCHNAGG, Herbert | |
| 245 | 1 | 0 |
_aJak interpretować wyniki badań / _cHerbert Woschnagg, Wolfgang Exel ; z niem. przeł. Bogusław Milewski. |
| 246 |
_iTyt. oryg.: _aMein Befund |
||
| 260 |
_aWarszawa : _b"Diogenes" : _b"Świat Książki", _c1997. |
||
| 300 |
_a365, [1] s. ; _c22 cm. |
||
| 490 | 1 | _aBiblioteczka Zdrowia | |
| 500 | _aOryg. : "Mein Befund" 1991. | ||
| 650 | 9 | _aAnaliza lekarska | |
| 655 | _aWydawnictwa popularne | ||
| 700 | 1 | _aEXEL, Wolfgang | |
| 830 | _aBiblioteczka Zdrowia | ||
| 020 | _a8371294107 | ||
| 040 | _cBPK | ||
| 041 | 1 |
_apl _hde |
|
| 080 | _a616-07 | ||
| 920 | _a83-7129-410-7 | ||
| 942 | _cKS | ||
| 008 | s pl f |000 0 pol | ||
| 999 |
_c35958 _d35958 |
||
| 856 |
_uhttp://koha.tu.koszalin.pl/cgi-bin/koha/opac-detail.pl?biblionumber=35958 _yKatalog online BPK |
||